[Event "Belgrade-A"]
[Site "Belgrade"]
[Date "1991.??.??"]
[Round "11"]
[White "Marinkovic, Slavisa"]
[Black "Radulov, Ivan"]
[Result "1/2-1/2"]
[WhiteElo "2335"]
[BlackElo "2405"]

1.d4 d5 2.c4 dxc4 3.Nf3 Nf6 4.e3 e6 5.Bxc4 c5 6.O-O a6 7.a4 Nc6 8.Nc3 Qc7
9.Re1 Bd6 10.h3 O-O  1/2-1/2

[Event "POL-chB"]
[Site "Bielsko-Biala"]
[Date "1991.??.??"]
[Round "4"]
[White "Sopur, Lech"]
[Black "Weglarz, Leszek"]
[Result "1-0"]
[WhiteElo "2280"]
[BlackElo "2360"]

1.d4 d5 2.c4 dxc4 3.Nf3 Nf6 4.e3 e6 5.Bxc4 c5 6.O-O a6 7.Nc3 b5 8.Bb3 Bb7
9.Qe2 Nbd7 10.Rd1 Qb6 11.e4 cxd4 12.Nd5 exd5 13.exd5+ Be7 14.Nxd4 Kf8 15.Bf4 Re8
16.Nf5 Bc5 17.Qf3 Ne4 18.Rac1 g5 19.d6 h5 20.Be3 Nef6 21.Qg3 Bxe3 22.Nxe3 h4
23.Qxg5 Rh5 24.Qf4 Re4 25.Qf3 Ree5 26.Qf4 Re4 27.Qf3 Rd4 28.Qh3 Rxd6 29.Nf5 Rxd1+
30.Bxd1 Rg5 31.Nxh4 Ne5 32.Nf3 Nd3 33.Rc2 Rh5 34.Qg3 Rc5 35.Rd2 Bxf3 36.Qxf3 Ne5
37.Qe3 Nc4 38.Qh6+ Ke7 39.Re2+ Kd7 40.Qg7 Rf5 41.Qxf7+ Kd8 42.Qf8+  1-0

[Event "Brno Morava-B"]
[Site "Brno"]
[Date "1991.??.??"]
[Round "4"]
[White "Hracek, Zbynek"]
[Black "Mikhalchishin, Adrian"]
[Result "1/2-1/2"]
[WhiteElo "2455"]
[BlackElo "2520"]

1.d4 d5 2.c4 dxc4 3.e3 Nf6 4.Bxc4 e6 5.Nf3 c5 6.O-O a6 7.Qe2 b5 8.Bd3 Bb7
9.Rd1 Nbd7 10.Nc3 Qc7  1/2-1/2

[Event "Brno Morava-C"]
[Site "Brno"]
[Date "1991.??.??"]
[Round "11"]
[White "Orsag, Milan"]
[Black "Fominyh, Alexander"]
[Result "1/2-1/2"]
[WhiteElo "2385"]
[BlackElo "2490"]

1.d4 d5 2.Nf3 Nf6 3.c4 dxc4 4.e3 e6 5.Bxc4 c5 6.O-O a6 7.a4 Nc6 8.Qe2 cxd4
9.Rd1 Be7 10.exd4 O-O 11.Nc3 Nb4 12.Ne5 b6 13.Bg5 Bb7 14.Rac1 Nfd5 15.Bd2 Bg5
16.Nxd5 Nxd5 17.g3 Bxd2 18.Qxd2 Qd6 19.Bf1 Ne7 20.Bg2 Bxg2 21.Kxg2 Rfc8 22.Qd3 a5
23.Nc4 Qb4 24.b3 h6 25.Ne3 Rd8 26.Qc4 Qd6 27.Qc7 Nd5  1/2-1/2

[Event "Cansys"]
[Site "Budapest"]
[Date "1991.??.??"]
[Round "5"]
[White "Mohr, Stefan"]
[Black "Mueller, Karsten"]
[Result "1-0"]
[WhiteElo "2430"]
[BlackElo "2425"]

1.d4 d5 2.c4 c6 3.Nf3 e6 4.e3 Nf6 5.Bd3 dxc4 6.Bxc4 c5 7.O-O a6 8.dxc5 Qxd1
9.Rxd1 Bxc5 10.b3 b5 11.Be2 Bb7 12.Bb2 Nbd7 13.a4 bxa4 14.Rxa4 Ke7 15.Nbd2 Nb6
16.Ra2 Bb4 17.Rda1 a5 18.Bd4 Nbd5 19.Nc4 Ne4 20.Bd3 Nec3 21.Rc2 Nb5 22.Bxg7 Rhg8
23.Bb2 f5 24.Nce5 Nbc3 25.Rac1 Rac8 26.Bc4 Na2 27.Ra1 Nac3 28.Kf1 Ne4 29.Rac1 Nb6
30.Bb5 Nc5 31.Bd4 Nxb3 32.Rc7+ Kd6 33.Bxb6 Bxf3 34.Nf7+ Kd5 35.Bc6+  1-0

[Event "Budapest Kasparov"]
[Site "Budapest"]
[Date "1991.??.??"]
[Round "8"]
[White "Atalik, Suat"]
[Black "Horvath, Csaba"]
[Result "1/2-1/2"]
[WhiteElo "2420"]
[BlackElo "2460"]

1.d4 d5 2.c4 dxc4 3.Nf3 Nf6 4.e3 e6 5.Bxc4 c5 6.O-O a6 7.a4 Nc6 8.Qe2 Qc7
9.Nc3 Bd6 10.dxc5 Bxc5 11.e4 Ng4 12.g3 O-O 13.Bf4 e5 14.Bg5 h6 15.Nd5  1/2-1/2

[Event "Cansys"]
[Site "Budapest"]
[Date "1991.??.??"]
[Round "10"]
[White "Atalik, Suat"]
[Black "Mueller, Karsten"]
[Result "1/2-1/2"]
[WhiteElo "2420"]
[BlackElo "2425"]

1.d4 d5 2.c4 dxc4 3.e3 Nf6 4.Bxc4 e6 5.Nf3 c5 6.O-O a6 7.Bd3 Nc6 8.Nc3 cxd4
9.exd4 Be7 10.Bg5 O-O 11.Rc1 Qa5 12.Ne4 Nxe4 13.Bxe4 f6 14.Be3 Rd8 15.Qb3 Nb4
16.Rxc8 Raxc8 17.Qxe6+ Kf8 18.a3 Nc2 19.d5 Nxe3 20.fxe3 Bc5 21.Bxh7 Re8 22.Qg8+ Ke7
23.Qxg7+ Kd8 24.Qxf6+ Be7 25.Qf4 Rf8 26.Qe4 Qb6 27.Qe5 Bd6 28.Qg5+ Be7 29.Qe5 Bd6
30.Qg5+ Be7 31.Qe5  1/2-1/2

[Event "Elekes mem"]
[Site "Budapest"]
[Date "1991.??.??"]
[Round "11"]
[White "Horvath, Jozsef"]
[Black "Somlai, Laszlo"]
[Result "1/2-1/2"]
[WhiteElo "2540"]
[BlackElo "2385"]

1.d4 d5 2.c4 dxc4 3.Nf3 Nf6 4.e3 e6 5.Bxc4 c5 6.O-O a6 7.Bd3 Nc6 8.Nc3 cxd4
9.exd4 Be7 10.a3 O-O 11.Bc2 b5 12.Re1 b4 13.Na4 Rb8 14.Bf4 Rb5 15.Bb3 Na5
16.Bc2 Bb7 17.Bd3 bxa3 18.bxa3  1/2-1/2

[Event "Buenos Aires Najdorf"]
[Site "Buenos Aires"]
[Date "1991.??.??"]
[Round "10"]
[White "Nogueiras, Jesus"]
[Black "Ricardi, Pablo"]
[Result "1-0"]
[WhiteElo "2540"]
[BlackElo "2435"]

1.d4 d5 2.c4 dxc4 3.Nf3 Nf6 4.e3 e6 5.Bxc4 c5 6.Qe2 a6 7.dxc5 Bxc5 8.O-O Nc6
9.e4 O-O 10.e5 Nd5 11.Rd1 Be7 12.Qe4 b5 13.Bd3 g6 14.Bh6 Re8 15.Nbd2 Ncb4
16.Bf1 Bb7 17.Qg4 Rc8 18.Ne4 Rc2 19.a3 Nc6 20.Rab1 Na5 21.Bd3 Rc7 22.h4 Rd7
23.Bc2 Nc4 24.Bg5 h5 25.Qg3 Bxg5 26.Nfxg5 Qe7 27.Bb3 Red8 28.Bxc4 bxc4 29.Nd6 Rxd6
30.exd6 Qxd6 31.Qxd6 Rxd6 32.Rbc1 Rb6 33.Rd2 Rc6 34.Nf3 Nf4 35.Ne1 Rc5 36.g3 Nd5
37.Nd3 Rc7 38.Ne5 c3 39.bxc3 Nxc3 40.Kh2 Rc5 41.Nd7 Rc8 42.Rdc2  1-0

[Event "Cacak"]
[Site "Cacak"]
[Date "1991.??.??"]
[Round "10"]
[White "Drasko, Milan"]
[Black "Damljanovic, Branko"]
[Result "1/2-1/2"]
[WhiteElo "2500"]
[BlackElo "2560"]

1.Nf3 d5 2.d4 Nf6 3.c4 dxc4 4.e3 e6 5.Bxc4 c5 6.O-O a6 7.dxc5 Qxd1 8.Rxd1 Bxc5
9.a3 b5 10.Be2 Bb7 11.b4 Be7 12.Bb2 Nbd7 13.Bd4 O-O 14.Nbd2 Bd5  1/2-1/2

[Event "Cadiz op"]
[Site "Cadiz"]
[Date "1991.??.??"]
[Round "?"]
[White "Garcia Palermo, Carlos"]
[Black "Ramirez, Emilio"]
[Result "1-0"]
[WhiteElo "2455"]
[BlackElo "2300"]

1.d4 d5 2.c4 dxc4 3.Nf3 Nf6 4.e3 e6 5.Bxc4 c5 6.Qe2 a6 7.dxc5 Bxc5 8.O-O b5
9.Bd3 O-O 10.e4 e5 11.Nbd2 Re8 12.Nb3 Bf8 13.Rd1 Nbd7 14.Bd2 Bb7 15.Na5 Qb8
16.b4 Nb6 17.Rac1 Ra7 18.a3 Ba8 19.Bg5 Nfd7 20.Bc2 h6 21.Bb3 Be7 22.Be3 Bf6
23.Qa2 Nf8 24.Nc6 Bxc6 25.Rxc6 Nc8 26.Bxa7 Qxa7 27.Rdc1  1-0

[Event "Cappelle op"]
[Site "Cappelle la Grande"]
[Date "1991.??.??"]
[Round "5"]
[White "Hoffman, Alejandro"]
[Black "Fayard, Alain"]
[Result "1-0"]
[WhiteElo "2415"]
[BlackElo "2300"]

1.d4 d5 2.c4 dxc4 3.Nf3 Nf6 4.e3 e6 5.Bxc4 c5 6.O-O a6 7.Bd3 Nc6 8.a3 b5
9.dxc5 Bxc5 10.Qc2 Qb6 11.Nbd2 Bb7 12.Nb3 Be7 13.e4 Rc8 14.Be3 Qc7 15.h3 Ne5
16.Qxc7 Nxf3+ 17.gxf3 Rxc7 18.Rac1 Rd7 19.Be2 O-O 20.Na5 Ba8 21.Nc6 Re8 22.Nxe7+ Rdxe7
23.Rfd1 Rd7 24.Rxd7 Nxd7 25.Rc7 Ne5 26.Ra7 Nc4 27.Rxa6 f5 28.b3  1-0

[Event "JUG-chT Cetinje"]
[Site "Cetinje"]
[Date "1991.??.??"]
[Round "1"]
[White "Kozul, Zdenko"]
[Black "Dorfman, Josif D"]
[Result "1-0"]
[WhiteElo "2580"]
[BlackElo "2575"]

1.d4 Nf6 2.c4 c6 3.Nf3 d5 4.e3 e6 5.Bd3 dxc4 6.Bxc4 c5 7.O-O a6 8.a3 b5 9.Ba2 Bb7
10.Nc3 Be7 11.Qe2 Nbd7 12.Rd1 Qb8 13.e4 cxd4 14.Nxd4 Bd6 15.g3 O-O 16.f3 Rd8
17.Be3 h5 18.b4 h4 19.g4 Nf8 20.Qf2 Ng6 21.Nxe6 fxe6 22.Bxe6+ Kf8 23.Bf5 Ne5
24.Bb6 Nxf3+ 25.Qxf3 Bxh2+ 26.Kg2 Rxd1 27.Rxd1 Qg3+ 28.Qxg3 Bxg3 29.g5 Ne8
30.Bc5+ Kg8 31.Nd5 Bxd5 32.Rxd5 Nc7 33.Rd7 Re8 34.Bg6 Rb8 35.Bd4 Ne8 36.Kh3 Rc8
37.e5 Be1 38.e6  1-0

[Event "Cheliabinsk-B"]
[Site "Cheliabinsk"]
[Date "1991.??.??"]
[Round "?"]
[White "Poluljahov, Aleksandr"]
[Black "Kolasinski, Marek"]
[Result "1-0"]
[WhiteElo "2380"]
[BlackElo "2335"]

1.d4 d5 2.Nf3 Nf6 3.c4 dxc4 4.e3 e6 5.Bxc4 c5 6.O-O a6 7.Bd3 Nc6 8.Nc3 Qc7
9.a3 Bd7 10.h3 Rc8 11.dxc5 Bxc5 12.b4 Bd6 13.Bb2 Ne5 14.Nxe5 Bxe5 15.Rc1 Qb8
16.f4 Bc7 17.Qe1 Bc6 18.b5 axb5 19.Nxb5 Rd8 20.Bd4 Rd5 21.Qb4 Bd6 22.Qb2 Be7
23.Be5 Qd8 24.Nc7+ Kf8 25.Nxd5 Qxd5 26.Rfd1 h5 27.Bc3 Qc5 28.Qd2 Nd5 29.Bd4 Qd6
30.Bc5 Qxc5 31.Rxc5 Bxc5 32.Re1 Ke7 33.Kh1 Rd8 34.e4 Nxf4 35.Qxf4 Rxd3 36.Qg5+ Kd6
37.Qh4 Bd7 38.Rc1 b6 39.a4 Ke5 40.Qg5+ Kd4 41.Qxg7+ e5 42.Qxf7  1-0

[Event "Dortmund-C"]
[Site "Dortmund"]
[Date "1991.??.??"]
[Round "4"]
[White "Keitlinghaus, Ludger"]
[Black "Thesing, Matthias"]
[Result "1-0"]
[WhiteElo "2400"]
[BlackElo "2405"]

1.c4 Nf6 2.Nf3 c6 3.d4 d5 4.e3 e6 5.Bd3 dxc4 6.Bxc4 c5 7.O-O a6 8.b3 Nc6
9.Bb2 Qc7 10.Nbd2 cxd4 11.Nxd4 Bd7 12.Rc1 Bd6 13.g3 O-O 14.Be2 Rac8 15.Bf3 Be7
16.Nxc6 Bxc6 17.Bxc6 bxc6 18.Nc4 Rfd8 19.Qe2 Rd5 20.e4 Rb5 21.Rfd1 Rd8 22.Rxd8+ Bxd8
23.Rd1 Be7 24.Qd3 h5 25.Bxf6 Bxf6 26.Qd7 Rb7 27.Qe8+ Kh7 28.Rd6 c5 29.e5 Bg5
30.h4 Bc1 31.Rxa6 Rb8 32.Qc6 Qxc6 33.Rxc6 Ra8 34.a4 Rb8 35.Rb6 Rd8 36.a5 Rd1+
37.Kg2 Kg6 38.a6  1-0

[Event "EST-FIN m"]
[Site "EST"]
[Date "1991.??.??"]
[Round "2"]
[White "Yrjola, Jouni"]
[Black "Pohla, Harry"]
[Result "1-0"]
[WhiteElo "2505"]
[BlackElo "2345"]

1.d4 d5 2.c4 dxc4 3.Nf3 Nf6 4.e3 e6 5.Bxc4 c5 6.O-O a6 7.Bd3 cxd4 8.exd4 Nc6
9.Nc3 Be7 10.Bg5 O-O 11.Rc1 Bd7 12.Bb1 Nd5 13.Qd3 g6 14.Bh6 Re8 15.Ne4 b6
16.Rfd1 f5 17.Nc3 Ncb4 18.Qd2 Bf6 19.a3 Nxc3 20.bxc3 Nd5 21.c4 Nc7 22.Bf4 Ba4
23.Re1 Rc8 24.Ba2 Kh8 25.Ne5 Kg7 26.f3 g5 27.Bg3 b5 28.c5 Nd5 29.c6 f4 30.Bf2 Qd6
31.h4 Qxa3 32.Nd7 h6 33.Bxd5 exd5 34.Nb6 Qd6  1-0

[Event "EST-FIN m"]
[Site "EST"]
[Date "1991.??.??"]
[Round "2"]
[White "Veingold, Aleksandr"]
[Black "Westerinen, Heikki MJ"]
[Result "1/2-1/2"]
[WhiteElo "2465"]
[BlackElo "2410"]

1.Nf3 Nf6 2.d4 d5 3.c4 dxc4 4.e3 e6 5.Bxc4 c5 6.O-O Nc6 7.Qe2 cxd4 8.Rd1 Be7
9.exd4 Nd5 10.Nc3 O-O 11.Qe4 Nf6  1/2-1/2

[Event "FIN-chT"]
[Site "FIN"]
[Date "1991.??.??"]
[Round "?"]
[White "Luik, Helmuth"]
[Black "Kekki, Petri"]
[Result "1-0"]
[WhiteElo "2325"]
[BlackElo "2275"]

1.d4 d5 2.c4 dxc4 3.Nf3 e6 4.e3 Nf6 5.Bxc4 c5 6.O-O a6 7.b3 Nbd7 8.Bb2 b6
9.Nbd2 Bb7 10.Qe2 cxd4 11.Nxd4 Nc5 12.a4 Bd6 13.b4 Nce4 14.Nxe4 Nxe4 15.b5 a5
16.Qg4 Nf6 17.Qh3 Rc8 18.Bd3 Rc5 19.f4 h6 20.Rad1 Qc8 21.Nc6 Rh5 22.Qf3 e5
23.Be4 Bc7 24.Bxe5 Bxe5 25.fxe5 Rxe5 26.Nxe5 Bxe4 27.Qg3 Qe6 28.Ng6 Bxg6
29.Qb8+ Ke7 30.Qxh8 Ne8 31.Rde1 Qa2 32.Rf4 Qd2 33.Ref1 Qd3 34.Qg8 Qb3 35.e4 Qe6
36.h4 h5 37.Kh2 Qe5 38.g3 Qe6 39.R1f2 Qb3 40.e5 Qe6 41.Rd4 Qxe5 42.Rdd2 Nd6
43.Qb8 Be4 44.Qc7+ Ke6 45.Qxb6 f5 46.Rfe2 g6 47.Rxd6+ Qxd6 48.Qxd6+ Kxd6
49.Rxe4 fxe4 50.Kg2 Ke6 51.Kf2 Kd6 52.Ke3 Kd5 53.b6 Kc6 54.Kxe4 Kxb6 55.Kd5 Kb7
56.Ke5 Kc6 57.Kf6 Kc5 58.Kxg6 Kb4 59.Kxh5 Kxa4 60.Kg6 Kb3 61.h5 a4 62.h6 a3
63.h7 a2 64.h8=N a1=N  1-0

[Event "BL2-N9091"]
[Site "Germany"]
[Date "1991.??.??"]
[Round "?"]
[White "Volke, Karsten"]
[Black "Putzbach, Gerd"]
[Result "1-0"]
[WhiteElo "2395"]
[BlackElo "2310"]

1.d4 d5 2.c4 dxc4 3.e3 Nf6 4.Nf3 c5 5.Bxc4 e6 6.O-O a6 7.Qe2 b5 8.Bd3 Bb7
9.a4 b4 10.Nbd2 Nc6 11.Nc4 cxd4 12.exd4 Nxd4 13.Nxd4 Qxd4 14.Be3 Qd5 15.f3 Rd8
16.Rfd1 Qh5 17.g4 Qh3 18.Ne5 Bd6 19.Bb5+ axb5 20.Qxb5+ Nd7 21.Rxd6 Bxf3 22.Nxf3 Qxf3
23.Bf2 Qxg4+ 24.Bg3 e5 25.Rad1 Rf8 26.Rxd7 Rxd7 27.Qb8+ Ke7 28.Qxe5+ Kd8
29.Qc7+ Ke7 30.Rxd7+ Kf6 31.Rd6+ Kg5 32.Qe7+  1-0

[Event "BL2-N9091"]
[Site "Germany"]
[Date "1991.??.??"]
[Round "?"]
[White "Lingnau, Carsten"]
[Black "Putzbach, Gerd"]
[Result "1-0"]
[WhiteElo "2225"]
[BlackElo "2310"]

1.d4 d5 2.c4 dxc4 3.Nf3 Nf6 4.e3 e6 5.Bxc4 c5 6.O-O a6 7.a4 Nc6 8.Qe2 Qc7
9.Nc3 Bd6 10.dxc5 Bxc5 11.e4 Ng4 12.g3 O-O 13.Bf4 e5 14.Bg5 h6 15.Nd5 Qd6
16.Bd2 Nf6 17.b4 Nxb4 18.Nxb4 Bxb4 19.Bxb4 Qxb4 20.Nxe5 Qc3 21.Nxf7 b5 22.axb5 Rxf7
23.e5 Ng4 24.Rac1 Qd4 25.Bxf7+ Kxf7 26.Qf3+ Kg6 27.Qxa8 Bf5 28.Qxa6+ Kh7
29.Qd6 Qb2 30.Qc5 Nxe5 31.Qe3 Qxb5 32.f3 Nd7 33.g4 Bg6 34.h4 Nf6 35.h5 Bf7
36.Rfd1 Kh8 37.Rd8+ Ng8 38.Rc7 Qb1+ 39.Kg2 Bc4 40.Qf2 Be6 41.Qd4 Qa2+ 42.Kg3 Bf7
43.Rdd7 Qb1 44.Rxf7 Qe1+ 45.Qf2 Qe5+ 46.Kg2 Nf6 47.Rf8+ Kh7 48.Qc2+ Ne4 49.Qxe4+ Qxe4
50.Rh8+  1-0

[Event "BL2-SW9091"]
[Site "Germany"]
[Date "1991.??.??"]
[Round "?"]
[White "Alber, Horst"]
[Black "Schuh, Hubert"]
[Result "1/2-1/2"]
[WhiteElo "2335"]
[BlackElo "2375"]

1.d4 d5 2.c4 dxc4 3.e3 Nf6 4.Bxc4 e6 5.Nf3 c5 6.O-O a6 7.Bd3 Nc6 8.Nc3 cxd4
9.exd4 Be7 10.Bg5 O-O 11.Rc1 Nb4 12.Bb1 Nfd5 13.Ne4 Bxg5 14.Nexg5 Nf6 15.Re1 b6
16.a3 Nbd5 17.Qc2 h6 18.Nh7 Re8 19.Ne5 Bb7 20.Nxf6+ Nxf6 21.Qc7 Re7 22.Qxd8+ Rxd8
23.Nc6 Bxc6 24.Rxc6 Rb7 25.Kf1 g5 26.Rd1 a5 27.Ke2 Nd5 28.Be4 Rbb8 29.Kf3 Ne7
30.Rc7 Kf8 31.h4 gxh4 32.Ke3 Rbc8 33.Rxc8 Rxc8 34.Rh1 f5 35.Bd3 Ng6 36.d5 Ke7
37.Re1 Rc5 38.dxe6 Re5+ 39.Kd2 Rxe1 40.Kxe1 Kxe6 41.Kd2 Ne5 42.f4 Nxd3 43.Kxd3 Kd5
44.a4 Kc5 45.Kc3 h5 46.b3 b5 47.axb5 Kxb5 48.Kc2 Kc6 49.Kd2 Kc5  1/2-1/2

[Event "BL2-SW9091"]
[Site "Germany"]
[Date "1991.??.??"]
[Round "?"]
[White "Neidhardt, Claus Ulrich"]
[Black "Raupp, Thomas"]
[Result "0-1"]
[WhiteElo "2325"]
[BlackElo "2340"]

1.d4 d5 2.c4 dxc4 3.Nf3 Nf6 4.e3 e6 5.Bxc4 c5 6.O-O a6 7.a4 Nc6 8.Nc3 Be7
9.Qd3 O-O 10.Rd1 Qc7 11.Qe2 Rd8 12.h3 Bd7 13.dxc5 Bxc5 14.e4 Ne5 15.Ba2 Bc6
16.Bf4 Nxf3+ 17.Qxf3 Qb6 18.Qe2 h6 19.e5 Nd7 20.Bb1 Nf8 21.Be4 Bd4 22.a5 Qc5
23.Bxc6 Qxc6 24.Rac1 Ng6 25.Bg3 Rac8 26.Rd2 Qc7 27.Na2 Qxa5 28.Rxc8 Rxc8
29.Rxd4 Qxa2 30.Rd7 Rc1+  0-1

[Event "Hamburg HSK"]
[Site "Hamburg"]
[Date "1991.??.??"]
[Round "7"]
[White "Zsinka, Laszlo"]
[Black "Putzbach, Gerd"]
[Result "1-0"]
[WhiteElo "2355"]
[BlackElo "2345"]

1.d4 d5 2.c4 dxc4 3.Nf3 Nf6 4.e3 e6 5.Bxc4 c5 6.O-O a6 7.b3 Nbd7 8.a4 Be7
9.Bb2 O-O 10.Nbd2 b6 11.Qe2 Bb7 12.Rfd1 Qb8 13.Ne5 Nxe5 14.dxe5 Nd7 15.f4 Qc7
16.Nf1 g6 17.Ng3 Qc6 18.e4 Rfd8 19.f5 gxf5 20.exf5 Nf8 21.f6 Rxd1+ 22.Rxd1 Bd8
23.Rd6 Qe8 24.h4 Bc7 25.Qd2 Ng6 26.Rd7 Rc8 27.Bxe6 Rd8 28.Qh6 Qf8 29.Bxf7+ Kh8
30.Qxf8+ Nxf8 31.Rxd8 Bxd8 32.e6 Bd5 33.e7  1-0

[Event "Hania op"]
[Site "Hania"]
[Date "1991.??.??"]
[Round "8"]
[White "Tsorbatzoglou, Theodoros"]
[Black "Karkanaque, Ilir"]
[Result "1/2-1/2"]
[WhiteElo "2280"]
[BlackElo "2385"]

1.d4 d5 2.c4 dxc4 3.e3 Nf6 4.Nf3 e6 5.Bxc4 c5 6.O-O a6 7.a4 Nc6 8.Qe2 cxd4
9.Rd1 Be7 10.exd4 O-O 11.Nc3 Nd5 12.Bd3 Ncb4 13.Bb1 b6 14.Ne4 Bb7 15.Ne5 f5
16.Nc3 Bf6 17.Ra3 Rc8 18.Bd2 Qd6 19.Nxd5 Nxd5 20.Rh3 Bxe5 21.Qxe5  1/2-1/2

[Event "Katowice op"]
[Site "Katowice"]
[Date "1991.??.??"]
[Round "10"]
[White "Nenashev, Alexander"]
[Black "Fominyh, Alexander"]
[Result "1/2-1/2"]
[WhiteElo "2415"]
[BlackElo "2535"]

1.d4 d5 2.c4 dxc4 3.Nf3 Nf6 4.e3 e6 5.Bxc4 c5 6.O-O a6 7.a4 Nc6 8.Qe2 cxd4
9.Rd1 Be7 10.exd4 O-O 11.Nc3 Nb4 12.Bg5 Nfd5 13.Bxe7 Nxe7 14.Ne5 Ned5 15.Qf3 Nf6
16.a5 Rb8 17.Qg3 Qd6 18.Ng4 Qxg3 19.Nxf6+ gxf6 20.hxg3 b5 21.Bb3 Rd8 22.d5 Kf8
23.Rac1 Ke7 24.Kf1 Bb7 25.Rd4 Nc6 26.dxc6 Rxd4 27.cxb7 Rxb7 28.Bd1 Rc4 29.b3 Rc5
30.Na2 Rxc1 31.Nxc1 b4 32.Be2 Rc7 33.Bc4 Rc5 34.Nd3 Rxa5 35.Nxb4 Ra1+ 36.Ke2 a5
37.Nd3 Kd6 38.g4 a4 39.bxa4 Rxa4 40.Bb3 Rxg4 41.Kf3 Rg8 42.Bd1 f5 43.g3 e5
44.Ne1 Ke7 45.Ng2 f4 46.Bc2 fxg3 47.Bxh7 gxf2 48.Kxf2 Rh8 49.Be4 Rh3 50.Bf5 Ra3
51.Be4 Rh3 52.Bf5 Rh5 53.Ne3 Kf6 54.Bg4 Rh4 55.Kg3 Kg5 56.Kf3 Rh8 57.Bd7 Rd8
58.Bf5 Rb8 59.Be4 Rh8 60.Bf5 Rh4 61.Bg4 e4+ 62.Kg3 Rh8 63.Bf5 Rh4 64.Ng2  1/2-1/2

[Event "JUG-ch"]
[Site "Kladovo"]
[Date "1991.??.??"]
[Round "5"]
[White "Maksimovic, Branimir"]
[Black "Kocovski, Ivan"]
[Result "1-0"]
[WhiteElo "2380"]
[BlackElo "2325"]

1.d4 d5 2.c4 dxc4 3.e3 Nf6 4.Bxc4 e6 5.Nf3 c5 6.O-O a6 7.a4 Nc6 8.Qe2 Be7
9.Rd1 O-O 10.Nc3 Qc7 11.Bd3 b6 12.Ne4 Nxe4 13.Bxe4 Bb7 14.dxc5 Bxc5 15.Bd2 Qe7
16.Bc3 Rfd8 17.Rxd8+ Rxd8 18.Bxc6 Bxc6 19.Qxa6 Ra8 20.Qc4 b5 21.Qg4 f5 22.Qf4 bxa4
23.Ne5 Be4 24.h4 Qb7 25.h5 a3 26.h6 a2 27.Nc4 Bf8 28.Qe5 Ra6 29.Na5 Qd5 30.Qc7 gxh6
31.Nc4 Qb7 32.Qg3+ Bg7 33.Nd6 Rxd6 34.Qxd6 Bxc3 35.Qxe6+ Kg7 36.Rxa2 Bxb2
37.Ra6  1-0

[Event "Kobanya op"]
[Site "Kobanya"]
[Date "1991.??.??"]
[Round "5"]
[White "Vincze, Istvan"]
[Black "Kallai, Gabor"]
[Result "1/2-1/2"]
[WhiteElo "2310"]
[BlackElo "2440"]

1.d4 d5 2.c4 dxc4 3.Nf3 Nf6 4.e3 c5 5.Bxc4 e6 6.O-O a6 7.Qe2 b5 8.Bd3 cxd4
9.exd4 Nc6 10.a4 bxa4 11.Rxa4 Be7 12.Bxa6 O-O 13.Rd1 Qb6 14.Bb5 Rxa4 15.Bxa4 Ba6
16.Qe1  1/2-1/2

[Event "Krasnodar"]
[Site "Krasnodar"]
[Date "1991.??.??"]
[Round "?"]
[White "Obukhov, Alexander"]
[Black "Bus, Mariusz"]
[Result "1/2-1/2"]
[WhiteElo "2265"]
[BlackElo "2420"]

1.d4 d5 2.c4 dxc4 3.Nf3 Nf6 4.e3 e6 5.Bxc4 c5 6.O-O a6 7.Bb3 Nbd7 8.a4 Be7
9.Qe2 cxd4 10.exd4 O-O 11.Nc3 Nb6 12.Re1 Nbd5 13.Bg5 Re8 14.Ne5 Nxc3 15.bxc3 Nd5
16.Bd2 Bd6 17.c4 Ne7 18.Bc3 Nc6 19.Rad1 Qc7 20.Bc2 Nxe5 21.dxe5 Be7 22.Rd4 g6
23.Red1 b5 24.h4 b4 25.Bb2 Bb7 26.h5 Rad8 27.hxg6 hxg6 28.Qg4 Rxd4 29.Rxd4 Bf8
30.Rd6 b3 31.Bb1 Bg7 32.Qd4 Rc8 33.Qd3 Qxc4 34.Rd8+ Bf8 35.Rxc8 Qxc8 36.Qxb3 Qc6
37.f3 Bc5+ 38.Kh2 Qc7 39.Qc3 Kg7 40.Bd3 Qe7 41.Qc4 Be3 42.Qg4 Qd8 43.Be4 Bxe4
44.fxe4 Qd2 45.Qf3 Qxb2 46.Qxe3 Qxe5+ 47.Kh3 g5 48.g3 Kg6 49.Qd3 a5 50.Qd8 Kg7
51.Qe7 Kg6 52.Qd8 g4+ 53.Kh2 Qb2+ 54.Kg1 Qa1+ 55.Kh2 Qb2+ 56.Kg1 Qb1+ 57.Kh2 Qxe4
58.Qg8+ Kf6 59.Qd8+ Kf5 60.Qxa5+ e5 61.Qa7 Qe2+ 62.Kg1 Qd1+ 63.Kh2 Qc2+ 64.Kg1 Qb1+
65.Kf2 Qa2+ 66.Ke3 Qb3+ 67.Kd2 Ke4 68.a5 Qb2+ 69.Kd1 Qb1+  1/2-1/2

[Event "Krasnodar"]
[Site "Krasnodar"]
[Date "1991.??.??"]
[Round "?"]
[White "Doroshkievich, Vladimir K"]
[Black "Bus, Mariusz"]
[Result "1-0"]
[WhiteElo "2350"]
[BlackElo "2420"]

1.d4 d5 2.c4 dxc4 3.Nf3 Nf6 4.e3 e6 5.Bxc4 c5 6.O-O a6 7.Bd3 cxd4 8.exd4 Nc6
9.Nc3 Be7 10.Bg5 O-O 11.Rc1 Nb4 12.Bb1 b5 13.a3 Nbd5 14.Nxd5 Nxd5 15.Qd3 g6
16.Bh6 Re8 17.Ne5 Bb7 18.Qf3 Bf6 19.Be4 Qd6 20.Rfe1 Rac8 21.Rcd1 Rc7 22.Nd3 Bg7
23.Bxg7 Kxg7 24.Nc5 Ba8 25.b4 Rec8 26.h4 Nb6 27.h5 Bxe4 28.Rxe4 Nd5 29.g3 Qe7
30.Re5 Qf6 31.Qb3 a5 32.Kg2 axb4 33.axb4 Ra7 34.Rde1 Rca8 35.Rxe6 Nf4+ 36.gxf4 fxe6
37.Nxe6+ Kh8 38.Qe3 gxh5 39.Qe5 Rg8+ 40.Kf3 Ra3+ 41.Ke4 Qxe5+ 42.fxe5 Rb3
43.f4 Rxb4 44.f5 Rg4+ 45.Kd5 h4 46.f6 Kg8 47.Rf1 Kf7 48.Nd8+ Kf8 49.Nc6 Rc4
50.e6 Rxc6 51.Kxc6  1-0

[Event "Mexico City"]
[Site "Mexico"]
[Date "1991.??.??"]
[Round "5"]
[White "Hernandez, Roman"]
[Black "Navarro, Roberto"]
[Result "1-0"]
[WhiteElo "2445"]
[BlackElo "2255"]

1.Nf3 d5 2.d4 Nf6 3.c4 dxc4 4.e3 c5 5.Bxc4 e6 6.O-O Nc6 7.Nc3 Be7 8.a3 cxd4
9.exd4 O-O 10.Re1 a6 11.Bd3 b5 12.Bc2 Bb7 13.Qd3 Rc8 14.d5 Na5 15.Bg5 Rxc3
16.Qxc3 Nxd5 17.Bxe7 Nxe7 18.Ng5 h6 19.Rad1 Bd5 20.Bh7+ Kh8 21.Qd4 Nc4 22.Be4 Qa8
23.Bxd5 Nxd5  1-0

[Event "POL-chT"]
[Site "Mikolajki"]
[Date "1991.??.??"]
[Round "3"]
[White "Gralka, Julian"]
[Black "Bus, Mariusz"]
[Result "1/2-1/2"]
[WhiteElo "2315"]
[BlackElo "2420"]

1.d4 d5 2.c4 dxc4 3.Nf3 Nf6 4.e3 e6 5.Bxc4 c5 6.O-O a6 7.dxc5 Bxc5 8.Qxd8+ Kxd8
9.Rd1+ Ke7 10.a3 b5 11.Be2 Bb7 12.b4 Bd6 13.Bb2 Nbd7 14.Nbd2 Nb6 15.Bd4 Na4
16.Rac1 Rhc8 17.Ne5 Nd5 18.Bf3 a5 19.Ne4 f6 20.Nxd6 Kxd6 21.Nd3 axb4 22.axb4 Rxc1
23.Rxc1 Rc8 24.Rxc8 Bxc8 25.e4 Ndc3 26.e5+ Ke7 27.Kf1 Bd7 28.Ke1 Nb1 29.Nc5 f5
30.Kd1 Na3 31.g4 g6 32.gxf5 gxf5 33.Be3 Nxc5 34.bxc5 Nc4 35.Bg5+ Ke8 36.c6 Bc8
37.Bf6 b4 38.Bh5+ Kf8 39.Kc2 b3+ 40.Kxb3 Na5+ 41.Kb4 Nxc6+ 42.Kc5 Ne7  1/2-1/2

[Event "FRA-ch Acc"]
[Site "Montpellier"]
[Date "1991.??.??"]
[Round "6"]
[White "Chevallier, Didier"]
[Black "Alet, Jean Perre"]
[Result "1-0"]
[WhiteElo "2315"]
[BlackElo "2210"]

1.d4 d5 2.c4 dxc4 3.e3 Nf6 4.Nf3 e6 5.Bxc4 c5 6.O-O a6 7.Bd3 Nc6 8.a3 b5
9.dxc5 Bxc5 10.Qc2 Qb6 11.Nbd2 Bb7 12.Nb3 Be7 13.e4 Rc8 14.Be3 Qc7 15.h3 Ne5
16.Qxc7 Nxf3+ 17.gxf3 Rxc7 18.Rac1 Rd7 19.Be2 O-O 20.Na5 Ba8 21.Nc6 Bxc6
22.Rxc6 Rd6 23.Rc7 Rd7 24.Rfc1 Rfd8 25.R7c6 Ra8 26.Bb6 h6 27.Rc8+ Rxc8 28.Rxc8+ Kh7
29.Ba5 Ra7 30.Bc3 Nd7 31.Bd4 Rb7 32.b4 Bf6 33.Bxf6 Nxf6 34.Rc6 Ra7 35.a4 bxa4
36.Bxa6 a3 37.b5 Nd7 38.Rc3 Kg6 39.Rxa3 Kg5 40.Rc3 Kf4 41.Kg2 g5 42.h4 gxh4
43.Kh3 Ne5 44.Rb3 Rd7 45.b6 Rd1 46.Be2 Rd2 47.Bb5 Rd8 48.Be2 Rb8 49.b7 Nd7
50.Rb5 Rg8 51.Rb4 Rb8 52.Kxh4 Nc5 53.Rb5 Rxb7 54.Rxc5 Rb2 55.Bd1 Rxf2 56.Kh3 Rf1
57.Rc1 Rf2 58.Rc7 Rd2 59.Rxf7+ Ke3 60.Bb3 e5 61.Be6 Rd1 62.Kg2 Rd2+ 63.Kg3 Rd1
64.Bh3 Rd6 65.Rf5  1-0

[Event "Moscow6"]
[Site "Moscow"]
[Date "1991.??.??"]
[Round "?"]
[White "Lempert, Igor"]
[Black "Zakharevich, Igor"]
[Result "1-0"]
[WhiteElo "2440"]
[BlackElo "2335"]

1.d4 d5 2.c4 dxc4 3.e3 Nf6 4.Bxc4 e6 5.Nf3 c5 6.O-O a6 7.Bd3 Nbd7 8.e4 cxd4
9.e5 Nd5 10.Be4 Nc5 11.Qxd4 Nxe4 12.Qxe4 b5 13.Qg4 h5 14.Qg3 Bb7 15.Bg5 Qa5
16.Nbd2 Qb4 17.h3 h4 18.Nxh4 f6 19.a3 Qxb2 20.exf6 gxf6 21.Be3 Qe5 22.Qg6+ Kd8
23.Ndf3 Qd6 24.Rfd1 Be7 25.Bh6 Kc7 26.Rac1+ Kd7 27.Bg7 Rhc8 28.Rxc8 Rxc8
29.Qf7 Qxa3 30.Ng6 Rc1 31.Rxc1 Qxc1+ 32.Kh2 Qc7+ 33.Kh1 Qc1+ 34.Ng1 Qc6 35.Bxf6 Nxf6
36.Ne5+ Kd6 37.Nxc6 Bxc6 38.Ne2 b4 39.Nf4 Bd7 40.Ng6 Nd5 41.Nxe7  1-0

[Event "New York op"]
[Site "New York"]
[Date "1991.??.??"]
[Round "?"]
[White "Vucic, Mladen"]
[Black "Young, Ronald"]
[Result "1/2-1/2"]
[WhiteElo "2380"]
[BlackElo "2290"]

1.d4 d5 2.Nf3 Nf6 3.c4 dxc4 4.e3 e6 5.Bxc4 c5 6.O-O a6 7.a3 b5 8.Ba2 Bb7
9.Nc3 Nbd7 10.Qe2 Be7 11.Rd1 Qc7 12.Bd2 Rc8 13.Rac1 Qb8 14.dxc5 Nxc5 15.b4 Nce4
16.Nxe4 Nxe4 17.Rxc8+ Qxc8 18.Rc1 Qd8 19.Be1 O-O 20.Nd4 Qb6 21.f3 Nf6 22.Bf2 Rc8
23.Rxc8+ Bxc8 24.Qc2 Bb7 25.e4 Qd6 26.Nb3 Bd8 27.Nc5 Bc8 28.g3 Qc6 29.Bb1 Nd7
30.Qd3 Bb6 31.Kg2 Nxc5 32.bxc5 Bc7 33.Bd4 e5 34.Bxe5 Qxc5 35.Bd4 Qc6 36.Ba2 Bd6
37.Bb2 Bf8 38.Bd5 Qb6 39.Qb3 Be6 40.f4 Bxd5 41.exd5 Qc5 42.h4 h5 43.Qd3 a5
44.f5 Bd6 45.Qe4 a4 46.f6 g6 47.Qe8+ Bf8 48.Qc6 Qe3 49.Bc1 Qd3 50.Bf4 Qe2+
51.Kg1 b4 52.Bd6 Bxd6 53.Qxd6 b3 54.Qb8+ Kh7 55.d6 b2 56.d7 Qe1+ 57.Kg2 Qe4+
58.Kf2 Qc2+ 59.Kf3 Qb3+ 60.Qxb3 axb3 61.d8=Q b1=Q 62.Qe7 Qd3+ 63.Kf2 Qd5
64.Qb4 Qd3 65.Qb7 Qd2+ 66.Kf3 Qd3+ 67.Kf2 Qd2+  1/2-1/2